Detection of bacteria in seed and other planting material
Đã lưu trong:
| Định dạng: | Sách |
|---|---|
| Ngôn ngữ: | Undetermined |
| Được phát hành: |
Minnesota
The American Phytopathological Society(APS), Press
1989
|
| Những chủ đề: | |
| Các nhãn: |
Thêm thẻ
Không có thẻ, Là người đầu tiên thẻ bản ghi này!
|
| Thư viện lưu trữ: | Trung tâm Học liệu Trường Đại học Cần Thơ |
|---|
| LEADER | 00509nam a2200157Ia 4500 | ||
|---|---|---|---|
| 001 | CTU_38929 | ||
| 008 | 210402s9999 xx 000 0 und d | ||
| 082 | |a 635.6932 | ||
| 082 | |b S127 | ||
| 245 | 0 | |a Detection of bacteria in seed and other planting material | |
| 260 | |a Minnesota | ||
| 260 | |b The American Phytopathological Society(APS), Press | ||
| 260 | |c 1989 | ||
| 650 | |a bacterial diseases of plants,seed pathology | ||
| 904 | |i Liên, 000515 | ||
| 980 | |a Trung tâm Học liệu Trường Đại học Cần Thơ | ||